| 000 | 00946nam a22002655a 4500 | ||
|---|---|---|---|
| 005 | 20161027105516.0 | ||
| 008 | 161025t2009 nyu frb 001 0 eng d | ||
| 020 | _a9780061956270 | ||
| 020 | _a0061956279 | ||
| 040 |
_aEG-ScBUE _beng _cEG-ScBUE _dEG-ScBUE |
||
| 082 | 0 | 4 |
_222 _a330 _bLEV |
| 100 | 1 | _aLevitt, Steven D. | |
| 245 | 1 | 0 |
_aFreakonomics : _ba rogue economist explores the hidden side of everything / _cSteven D. Levitt & Stephen J. Dubner. |
| 260 |
_aNew York : _bHarper / Harper Collins Publishers, _cc.2009. |
||
| 300 |
_axiv, 315 p. ; _c18 cm. |
||
| 500 | _aIndex : p. [297]-315. | ||
| 500 | _aInternational bestseller. | ||
| 504 | _aBibliography : p. 269-294. | ||
| 650 | 7 |
_2BUEsh _936720 _aEconomics _xPsychological aspects. |
|
| 650 | 7 |
_922975 _aEconomics _xSociological aspects. _2BUEsh |
|
| 651 | _2BUEsh | ||
| 653 |
_bBUSADM _bBUSECO _cOctober2016 _dBestSellers |
||
| 700 | 1 | _aDubne, Stephen J. | |
| 942 |
_2ddc _e22 _k330 LEV |
||
| 999 |
_c22847 _d22819 |
||